000 01019nam a2200217 i 4500
001 157487
003 ES-MaACL
005 20250716081419.0
008 990701s1902 fr |||| | fre d
100 1 _aLemaitre, Jules.
_971458
245 1 4 _aLes contemporains
_b: études et portraits littéraires.
_nDeuxième série /
_cJules Lemaitre.
250 _a20 ème éd.
260 _aParis :
_bSociété française d'Imp. et de Librairie,
_c1902 (
_ePoitiers :
_fTyp. Oudin et Cie.)
300 _a330 p. ;
_c18 cm.
490 1 _aNouvelle bibliothèque littéraire
505 8 _aContiene: Leconte de Lisle, José-Maria de Hérédia, Armand Silvestre, Anatole France, le Père Monsabré, M. Deschanel et le romantisme de Racine, la comtesse Diane, Francisque Sarcey, J.-J. Weiss, Alphonse Daudet, Ferdinand Fabre.
650 4 _aLiteratura francesa-
_yS.XIX-
_xHistoria y crítica
_914589
830 0 _aNouvelle bibliothèque littéraire
_9182447
852 _aES-MaACL
_jB-2667
_z- Enc. hol.
999 _c157487
_d157487